A bibliography on tapping panel dryness (Record no. 51299)

MARC details
000 -LEADER
fixed length control field 00451nam a2200133Ia 4500
100 ## - MAIN ENTRY--AUTHOR NAME
Personal name Latha N
245 #2 - TITLE STATEMENT
Title A bibliography on tapping panel dryness
260 ## - PUBLICATION, DISTRIBUTION, ETC. (IMPRINT)
Name of publisher In: Tapping Panel Dryness of Rubber Trees (Eds.James Jacob; R Krishnakumar and N.M. Mathew) Rubber Research Institute of India, Kottayam, 2006, pp.261-295.
650 ## - SUBJECT ADDED ENTRY--TOPICAL TERM
Topical Term Bibliography
650 ## - SUBJECT ADDED ENTRY--TOPICAL TERM
Topical Term TPD
700 ## - ADDED ENTRY--PERSONAL NAME
Personal name Jose M
942 ## - ADDED ENTRY ELEMENTS (KOHA)
Koha item type Bibliography STAF
Holdings
Withdrawn status Lost status Damaged status Not for loan Home library Current library Shelving location Date acquired Koha item type
      Bibliography RRII Library RRII Library Rubber general 19/06/2007 Bibliography STAF